000 00759nam a2200193 a 4500
003 0
005 20250624092738.0
008 021118s19uu xx 00 eng d
050 _aPHS LC 311
_b.G63 1999
100 _aGo, Christine Diane E.
245 _aThe Southville International School institutional values from the perspective of its student /
_cChristine Dianne E. Go.
260 _aLas PiƱas City, Philippines :
_bSouthville International School and Colleges,
_c1999.
300 _a28 pages :
_billustrations ;
_c28 cm.
504 _aIncludes bibliographical references.
650 _aValues
_xStudy and teaching
_zPhilippines.
650 _aMoral education
_zPhilippines.
650 _aCharacter
_xStudy and teaching
_zPhilippines.
942 _2lcc
_cPASS
999 _c96252
_d96252